Lakes: nearest NFL teams - Statistics

General Stats
  • This quiz has been taken 14 times
  • The average score is 8 of 15
Answer Stats
Lake NFL team % Correct
Michigan Chicago Bears
88%
Huron Detroit Lions
88%
Superior Minnesota Vikings
88%
Ontario Buffalo Bills
75%
Erie Cleveland Browns
75%
Loch Ness New England Patriots
75%
Lake of the Ozarks Kansas City Chiefs
63%
Monroe Indianapolis Colts
38%
Pontchartrain New Orleans Saints
38%
Great Slave Seattle Seahawks
38%
Titicaca Miami Dolphins
25%
Eyre San Francisco 49ers
25%
Apopka Tampa Bay Buccaneers
25%
Watts Bar Tennessee Titans
25%
Winnebago Green Bay Packers
13%
No matching quizzes found
Score Distribution
Percent of People with Each Score
Percentile by Number Answered
Your Score History
You have not taken this quiz